Top 15 Celebrities Born In 1976 - Statistics

General Stats
  • This quiz has been taken 235 times
    191 since last reset
  • The average score is 5 of 15
Answer Stats
Picture Answer % Correct
Ryan Reynolds
91%
Benedict Cumberbatch
74%
Chadwick Boseman
61%
Reese Witherspoon
58%
Isla Fisher
42%
Freddie Prinze Jr
34%
Blake Shelton
32%
Candace Cameron
31%
Alicia Silverstone
30%
Gabriel Iglesias
29%
Anna Faris
22%
Luke Bryan
18%
Andrea Barber
10%
Joe Gatto
9%
Jonathan Brandis
3%
No matching quizzes found
Score Distribution
Percent of People with Each Score
Percentile by Number Answered
Your Score History
You have not taken this quiz since the last reset